| 000 | 00773nam a2200205 a 4500 | ||
|---|---|---|---|
| 001 | BRCA_874 | ||
| 005 | 20190320203204.0 | ||
| 008 | 931025s1992 ag-a---##b---#000-0#spa-d | ||
| 040 |
_aDLC _cDLC |
||
| 050 | 4 |
_aNK7198.P3 _b.V53 1992 |
|
| 245 | 1 | 0 |
_aDe Vicente a Juan Carlos Pallarols _bseis generaciones de orfebres, 1750-1992. |
| 260 |
_a[Buenos Aires] _bMuseo Nacional de Arte Decorativo _c[1992] |
||
| 300 |
_a130 p. _bil. (algunas a color) _c22 cm. |
||
| 500 | _aCatálogo de la exposición realizada en el Museo Nacional de Arte Decorativo | ||
| 504 | _aBibliografía: p. 80-81 | ||
| 600 | 1 | 4 |
_aPallarols familia _vExposiciones _92914 |
| 650 | 1 | 4 |
_aTrabajos en plata _vExposiciones _zArgentina _92915 |
| 650 | 1 | 4 |
_aOrfebrería _vExposiciones _zArgentina _92916 |
| 942 |
_2lcc _cB |
||
| 999 |
_c769 _d769 |
||